Trabajos, cuerpo y riesgos /
Guardado en:
| Otros Autores: | , , , , , , , |
|---|---|
| Formato: | Libro |
| Idioma: | Spanish |
| Publicado: |
Buenos Aires :
Luxemburg,
2011.
|
| Edición: | 1a. ed. |
| Materias: | |
| Etiquetas: |
Agregar Etiqueta
Sin Etiquetas, Sea el primero en etiquetar este registro!
|
| LEADER | 00720nam a22002415a 4500 | ||
|---|---|---|---|
| 001 | DER.der014312 | ||
| 008 | 191029s2011####ag############000#0#spa#d | ||
| 005 | 20251110085135.0 | ||
| 245 | 1 | 0 | |a Trabajos, cuerpo y riesgos / |c Coordinado por Marta Panaia. |
| 250 | |a 1a. ed. | ||
| 260 | |a Buenos Aires : |b Luxemburg, |c 2011. | ||
| 300 | |a 291 p. | ||
| 020 | |a 9789871709137 | ||
| 700 | 1 | |a Panaia, Marta, |e coord. | |
| 700 | 1 | |a Hudson, Juan Pablo. | |
| 700 | 1 | |a García Silva, Rodolfo. | |
| 700 | 1 | |a Tottino, Laura I. | |
| 700 | 1 | |a Rodríguez Rocha, Eduardo. | |
| 700 | 1 | |a Cunioli, Ariel. | |
| 700 | 1 | |a Villanova, Nicolás. | |
| 700 | 1 | |a Germani, Ana Alejandra. | |
| 650 | 7 | |a SOCIOLOGIA | |
| 859 | |a DERECHO |b BIB. DERECHO |h 306 |i TRA |p 009581 | ||
